Statistics for Rom-Com Movie by Clue

Click here to take the quiz!

General Stats

  • This quiz has been taken 218 times
  • The average score is 6 of 15

Answer Stats

PlotAnswer% Correct
Young woman writes her feelings in letters which get "accidentally" sent to her love interestsTo All The Boys I've Loved Before
70%
Two women swap houses over Christmas and fall in love with men they meet thereThe Holiday
68%
High powered businesswoman needs to marry for a green card, so she picks her underpaid and overworked assistantThe Proposal
66%
High schooler goes to the Halloween dance and meets Prince Charming, then later loses her phoneA Cinderella Story
63%
Multiple stories intersect over the Christmas period, one ending with a boy running through the airportLove Actually
61%
Two assistant 'Cyrano' their bosses so they get weekends offSet it Up
41%
Woman meets her boyfriend's family only to find out they are vastly wealthy in their home townCrazy Rich Asians
40%
Woman lives the same day over and over again until she meets a man who buys her waffles50 First Dates
37%
Woman is knocked unconscious in a robbery and wakes up in a romantic comedyIsn't It Romantic
30%
Boy in high school uses the name 'Blue' to chat online with an anonymous student at his schoolLove, Simon
25%
Successful sports agent realizes she can read the minds of men around herWhat Men Want
21%
High school senior sells his services as a stand-in boyfriend so he can pay for collegeThe Perfect Date
18%
A man starts a new job in Media and immediately offends every woman he works with, until he falls in love with one of themThe Ugly Truth
12%
Two childhood friends who have drifted apart meet each other again when one is in town to open her new restaurantAlways Be My Maybe
10%
Woman has a near death experience and has a gloomy outlook on life, until she meets an optimistic man who volunteers at homeless sheltersLast Christmas
7%

Score Distribution

Percentile by Number Answered

Percent of People with Each Score

Your Score History

You have not taken this quiz